Veľký slovník cudzích slov
Guardado en:
| Autor principal: | |
|---|---|
| Otros Autores: | , |
| Formato: | Libro |
| Lenguaje: | eslovaco |
| Publicado: |
Veľký Šariš
SAMO-AAMM
1997
|
| Materias: | |
| Etiquetas: |
Sin Etiquetas, Sea el primero en etiquetar este registro!
|
MARC
| LEADER | 00000nam a2200000 4500 | ||
|---|---|---|---|
| 001 | c019498 | ||
| 005 | 20221214073016.5 | ||
| 020 | |a 80-967524-0-5 | ||
| 041 | 0 | |a slo | |
| 044 | |a SK | ||
| 245 | 1 | 0 | |a Veľký slovník cudzích slov |c Samo Šaling, Mária Ivanová-Šalingová, Zuzana Maníková |
| 264 | 1 | |a Veľký Šariš |b SAMO-AAMM |c 1997 | |
| 300 | |a 1310 s. | ||
| 610 | 2 | 0 | |a terminológia |
| 610 | 2 | 0 | |a jazykoveda |
| 100 | 1 | |a Šaling, Samo | |
| 700 | 1 | |a Ivanová-Šalingová, Mária | |
| 700 | 1 | |a Maníková, Zuzana | |